000 00741nam a2200229Ii 4500
003 JO-AjNU
008 230605s9999||||xx |||||||||||||| ||und||
017 _a2009/4/2075
020 _a978-9957-24-469-9
040 _aJO-AjNU
_bara
_erda
_cJO-AjNU
041 _aara
050 1 4 _aBF176.M34.2010
100 3 _aمجيد،سوسن شاكر,
_eauthor
_930964
245 0 0 _aالاختبارات النفسية (نماذج)
250 _aط1
264 3 1 _aعمان:دار صفاء للنشر والتوزيع ، 2010
300 _a360ص
336 _atext
_btxt
_2rdacontent
337 _aunmediated
_bn
_2rdamedia
338 _avolume
_bnc
_2rdacarrier
650 4 _aعلم النفس الفردي-الاختارات النفسية
_930965
999 _aA12333
_c15901
_d15901